000 01320nam a22001577a 4500
041 _aukr
080 _a09
090 _bДАН
100 _aДанилюк Л.А.
245 _aСтилістичні засоби вираження екстремальних ситуацій в оповіданнях Едгарда По
260 _aОстрог
_bКАФ
_c2007
300 _a51
520 _aВСТУП РОЗДІЛ 1 ХАРАКТЕРИСТИКА СТИЛЮ ТА ВИКОРИСТАННЯ ХУДОЖНІХ ЗАСОБІВ У ТВОРАХ ЕДГАРДА ПО 1.1 Функціональні особливості художнього стилю. 1.2 Особливості вживання стилістичних засобів і прийомів(на матеріалі оповідань Едгарда По). РОЗДІЛ 2 СТИЛІСТИЧНІ ОСОБЛИВОСТІ ВИРАЖЕННЯ ЕСТРЕМАЛЬНИХ СИТУАЦІЙ СТРАХУ, СМЕРТІ ТА БОЛІ 2.1 Емоційне переживання (страх). 2.2 Страх смерті. 2.3 Психологія болі та особливості його вираження в художньому творі. ВИСНОВКИ
_0Едгард По,екстемальні ситуації.
650 _aResearch Papers
999 _c283936
_d283936
942 _cBK